| 000 | 00661nam a22001577a 4500 | ||
|---|---|---|---|
| 003 | OSt | ||
| 005 | 20151112112213.0 | ||
| 008 | 151112b xxu||||| |||| 00| 0 eng d | ||
| 040 | _cRUA | ||
| 082 | _aFOR YIM 2006 B133 Or.1 | ||
| 100 |
_93599 _aYIM, KHEMARINNIRDEI. |
||
| 245 | _aStudy on forest firebreak construction at angkor park in zone one of siem reap province (ការសិក្សាពីការធ្វើផ្លូវភ្លើងនៅឧទ្យានអង្គរក្នុងតំបន់ទី១នៃខេត្តសៀបរាប) | ||
| 260 |
_aPhnom Penh _bRUA _c2006 |
||
| 300 |
_ax, 52p. _bill. _c29cm. |
||
| 942 |
_2ddc _cFOR |
||
| 999 |
_c3350 _d3350 |
||